Mass and energy balances in materials engineering / (Record no. 548469)

000 -LEADER
fixed length control field 00585cam a2200169 a 4500
082 00 - DEWEY DECIMAL CLASSIFICATION NUMBER
Classification number 660.7
Author Mark SCH
-- L-38, P-159
100 1# - MAIN ENTRY--PERSONAL NAME
Personal name Schlesinger, Mark A.,
9 (RLIN) 44777
245 10 - TITLE STATEMENT
Title Mass and energy balances in materials engineering /
Statement of responsibility, etc. Mark A. Schlesinger.
260 ## - PUBLICATION, DISTRIBUTION, ETC.
Place of publication, distribution, etc. Upper Saddle River, NJ :
Name of publisher, distributor, etc. Prentice Hall,
Date of publication, distribution, etc. c1996.
300 ## - PHYSICAL DESCRIPTION
Extent ix, 265 p. :
Other physical details ill. ;
Dimensions 25 cm. +
Accompanying material 1 computer disk (3 1/2 in.)
526 ## - STUDY PROGRAM INFORMATION NOTE
Program name 0
Interest level 0
Reading level 0
Title point value 660_700000000000000_SCH
650 #0 - SUBJECT ADDED ENTRY--TOPICAL TERM
Topical term or geographic name entry element Force and energy.
9 (RLIN) 44778
650 #0 - SUBJECT ADDED ENTRY--TOPICAL TERM
Topical term or geographic name entry element Mass (Physics)
9 (RLIN) 44779
650 #0 - SUBJECT ADDED ENTRY--TOPICAL TERM
Topical term or geographic name entry element Materials science.
650 #0 - SUBJECT ADDED ENTRY--TOPICAL TERM
Topical term or geographic name entry element MCE
9 (RLIN) 379
942 ## - ADDED ENTRY ELEMENTS (KOHA)
Source of classification or shelving scheme
Koha item type Book
Holdings
Withdrawn status Lost status Source of classification or shelving scheme Damaged status Not for loan Permanent Location Current Location Date acquired Total Checkouts Full call number Barcode Date last seen Price effective from Koha item type
          Military College of Engineering (MCE) Military College of Engineering (MCE) 08/28/2014   660.7 SCH MCE-40420 08/28/2014 08/28/2014 Book
© 2023 Central Library, National University of Sciences and Technology. All Rights Reserved.